000 01585cam a2200409 a 4500
001 3333337
003 OSt
005 20251021102158.0
008 850924s1986 nyua 001 0 eng
010 _a 85024156
020 _a0070178976
_qpbk.
020 _a9780070178977
_q(pbk.)
035 _a3333337
040 _aDLC
_cmust
_dDLC
050 0 0 _aQA374
_b.D8 1986
082 0 0 _a515.625 DUC 2000
_219
100 1 _aDuChateau, Paul.
_9710
245 1 0 _aSchaum's outline of theory and problems of partial differential equations /
_cPaul Duchateau and David W. Zachmann.
260 _aNew York :
_bMcGraw-Hill,
_cc1986.
300 _a241 p. :
_bill. ;
_c28 cm.
336 _atext
_btxt
_2rdacontent
337 _aunmediated
_bn
_2rdamedia
338 _avolume
_bnc
_2rdacarrier
440 0 _aSchaum's outline series.
_pSchaum's outline series in mathematics
_9711
500 _aCover title: Theory and problems of partial differential equations.
500 _aSpine title: Partial differential equations.
500 _aIncludes index.
650 0 _aDifferential equations, Partial.
_9712
700 1 _aZachmann, David W.
_9713
740 0 _aPartial differential equations.
740 0 _aTheory and problems of partial differential equations.
856 4 2 _3Publisher description
_uhttp://www.loc.gov/catdir/description/mh022/85024156.html
856 4 1 _3Table of contents
_uhttp://www.loc.gov/catdir/toc/mh021/85024156.html
906 _a7
_bcbc
_corignew
_d1
_eocip
_f19
_gy-gencatlg
942 _2z
_cB_BANK
999 _c9576
_d9576